Normal view
MARC view
- PAF Bomber Operations
Entry Topical Term
001 - CONTROL NUMBER
- control field: 1498
003 - CONTROL NUMBER IDENTIFIER
- control field: NUST
005 - DATE AND TIME OF LATEST TRANSACTION
- control field: 20170529121404.0
008 - FIXED-LENGTH DATA ELEMENTS
- fixed length control field: 170529|| aca||aabn | a|a d
040 ## - CATALOGING SOURCE
- Original cataloging agency: NUST
- Transcribing agency: NUST
150 ## - HEADING--TOPICAL TERM
- Topical term or geographic name entry element: PAF Bomber Operations
670 ## - SOURCE DATA FOUND
- Source citation: Work cat.: (NUST)23632: Air Commodore Rais A Rafi 1497, PAF Bomber Operations 1965 & 1971 Wars
